• 首页
  • 本馆介绍
  • 公告通知
  • 最新文献
  • 馆藏检索
  • 电子资源
  • 读者导购
  • 参考咨询
  • 我的图书馆
  • 登录
  • 详细信息显示
  • 放入我的书架
  • 预约/预借图书
  • 作者相关作品
  • 分类相关作品
  • 丛书相关作品
  • 出版社相关作品

书目信息

  • 表格格式
  • 工作单格式
  • 卡片格式
题名:
元宵节
    
 
作者: 姜舟 编著
分册:  
出版信息: 长春   吉林文史出版社  2018重印
页数: 135页
开本: 22cm
丛书名: 中国文化知识读本
单 册:
中图分类: K892.18
科图分类:
主题词: 节日--jie ri--风俗习惯--中国
电子资源:
ISBN: 978-7-5472-0900-4
000 00841nam 2200265 45
001 012001009998
005 20140102090454.0
010    @a978-7-5472-0900-4@dCNY34.80
099    @aCAL 012012187574
100    @a20120511d2012 em y0chiy0121 ea
101 0  @achi
102    @aCN@b220000
105    @aa z 000yy
106    @ar
200 1  @a元宵节@Ayuan xiao jie@f编著姜舟
210    @a长春@c吉林文史出版社@d2018重印
215    @a135页@c图@d22cm
225 2  @a中国文化知识读本@Azhong guo wen hua zhi shi du ben
330    @a本书介绍了元宵节的起源与历史发展、元宵节节俗、元宵节与唐宋文学作品、元宵节的文化意义等内容。
410  0 @12001 @a中国文化知识读本
606 0  @a节日@Ajie ri@x风俗习惯@y中国
690    @aK892.18@v5
701  0 @a姜舟@Ajiang zhou@4编著
801  2 @aCN@b上海新华@c20191020
905    @b1135244-7@dK892.18@e316@f4
    
    元宵节/编著姜舟.-长春:吉林文史出版社,2018重印
    135页:图;22cm.-(中国文化知识读本)
    
    
    ISBN 978-7-5472-0900-4:CNY34.80
    本书介绍了元宵节的起源与历史发展、元宵节节俗、元宵节与唐宋文学作品、元宵节的文化意义等内容。
●
相关链接 在E读中查询图书 在五车中查询图书 在当当中查询图书 在豆瓣中查询图书


正题名:元宵节     索取号:K892.18/316         预约/预借

序号 登录号 条形码 馆藏地/架位号 状态 备注
1 1135244   211352445   第二样本阅览室/ [索取号:K892.18/316] 在馆    
2 1135245   211352454   第二借阅区/ [索取号:K892.18/316] 在馆    
3 1135246   211352463   第二借阅区/ [索取号:K892.18/316] 在馆    
4 1135247   211352472   第二借阅区/ [索取号:K892.18/316] 在馆    
唐山师范学院图书馆 欢迎您!
大连网信软件有限公司© 版权所有